000 nam a22 7a 4500
999 _c8948
_d8948
008 180120b ||||| |||| 00| 0 eng d
100 _aChandra. R
_95254
245 _aDrill excercise in maths
260 _aNew delhi
_bArya Publication
_c2008